Techniques of Financial Analysis

Saved in:
Bibliographic Details
Main Author: Helfert, Erich A.
Format: Book
Language:English
Published: Homewood Irwin 1987
Edition:6. ed.
Subjects:
Tags: Add Tag
No Tags, Be the first to tag this record!

MARC

LEADER 00000nam a2200000 4500
001 c000340
005 20221219121235.6
020 |a 0-256-03625-X 
041 0 |a eng 
044 |a US 
245 1 0 |a Techniques of Financial Analysis  |c Erich A. Helfert 
250 |a 6. ed. 
264 1 |a Homewood  |b Irwin  |c 1987 
300 |a 458 s. 
610 2 0 |a financie 
610 2 0 |a uzávierka účtovná 
610 2 0 |a fondy finančné 
610 2 0 |a rozpočtovníctvo 
610 2 0 |a dlhy 
610 2 0 |a investície 
610 2 0 |a kapitál 
610 2 0 |a rozhodovanie 
610 2 0 |a náklady 
610 2 0 |a akcie 
610 2 0 |a hodnota 
100 1 |a Helfert, Erich A.